[Event "Gibraltar Amateurs op-B"]
[Site "Caleta"]
[Date "2020.01.26"]
[Round "2"]
[White "Greco, Joseph"]
[Black "Olaizola, Miguel"]
[Result "1-0"]
[WhiteElo "1691"]
[BlackElo "1809"]
[PlyCount "53"]
[EventDate "2020.01.20"]
[EventType "swiss"]
[EventRounds "5"]
[EventCountry "GGB"]
[SourceTitle "CBM 194 Extra"]
[Source "ChessBase"]
[SourceDate "2020.03.31"]
[SourceVersion "1"]
[SourceVersionDate "2020.03.31"]
[SourceQuality "1"]

1. e4 c5 2. Nc3 Nc6 3. f4 e5 4. Bc4 Nf6 5. d3 d6 6. Nf3 Be7 7. 0-0 0-0 8. f5 Na5 9. Qe1 Nxc4 10. dxc4 Nh5 11. g4 Nf4 12. Bxf4 exf4 13. Nd5 g5 14. Qc3 f6 15. Kg2 Bd7 16. h4 Bc6 17. Rh1 Bxd5 18. exd5 Qd7 19. hxg5 fxg5 20. Rxh7 Bf6 21. Rxd7 Bxc3 22. bxc3 Rad8 23. Rxb7 Rde8 24. Nxg5 Re2+ 25. Kf3 Rxc2 26. Ne6 Rxc3+ 27. Kxf4 1-0

[Event "Gibraltar Amateurs op-B"]
[Site "Caleta"]
[Date "2020.01.25"]
[Round "1"]
[White "Olaizola, Miguel"]
[Black "Dhanwani, Aditya"]
[Result "1-0"]
[WhiteElo "1809"]
[BlackElo "1565"]
[PlyCount "115"]
[EventDate "2020.01.20"]
[EventType "swiss"]
[EventRounds "5"]
[EventCountry "GGB"]
[SourceTitle "CBM 194 Extra"]
[Source "ChessBase"]
[SourceDate "2020.03.31"]
[SourceVersion "1"]
[SourceVersionDate "2020.03.31"]
[SourceQuality "1"]

1. Nf3 e6 2. e4 d5 3. exd5 exd5 4. d4 Nf6 5. Bd3 Bd6 6. 0-0 0-0 7. h3 h6 8. Be3 Be6 9. c3 c6 10. Ne5 Nbd7 11. f4 Qc7 12. f5 Qb6 13. Qd2 Qc7 14. fxe6 Nxe5 15. dxe5 Bxe5 16. exf7+ Qxf7 17. Na3 Rfd8 18. Nc2 Qc7 19. Qe2 Re8 20. Bg6 Re7 21. Nd4 Bh2+ 22. Kh1 Ne4 23. Bxe4 Rxe4 24. Qf3 Bd6 25. Nf5 Rf8 26. Bd4 Rf4 27. Qh5 R8xf5 28. Qe8+ Rf8 29. Qe6+ Kh8 30. Rxf4 Rxf4 31. Qxh6+ Kg8 32. Bxg7 Qxg7 33. Qxd6 Rf2 34. Qd8+ Qf8 35. Qg5+ Qg7 36. Qxg7+ Kxg7 37. Rb1 Kg6 38. Kh2 Re2 39. h4 Kh5 40. Kh3 Re3+ 41. g3 b5 42. a3 Rd3 43. Re1 Rd2 44. Re5+ Kg6 45. Re6+ Kf5 46. Rxc6 Rxb2 47. Rc5 Ke6 48. h5 Rf2 49. g4 Kd6 50. Kg3 Rf8 51. Rxb5 Rc8 52. Rb3 a5 53. h6 Rh8 54. g5 Ke5 55. Kg4 Ke4 56. Kh5 Kf5 57. Rb5 Rc8 58. Rxd5+ 1-0

[Event "Gibraltar Amateur op-B"]
[Site "Caleta"]
[Date "2019.01.30"]
[Round "5"]
[White "Mircov, Nicola Alexandru"]
[Black "Olaizola, Miguel"]
[Result "1-0"]
[WhiteElo "1797"]
[BlackElo "1831"]
[PlyCount "71"]
[EventDate "2019.01.26"]
[EventType "swiss"]
[EventRounds "5"]
[EventCountry "GGB"]
[SourceTitle "EXT 2021"]
[Source "ChessBase"]
[SourceDate "2020.10.23"]
[SourceVersion "1"]
[SourceVersionDate "2020.10.23"]
[SourceQuality "1"]

1. e4 c5 2. Nf3 Nc6 3. d4 cxd4 4. Nxd4 g6 5. Nc3 Bg7 6. Nb3 Nf6 7. Be2 0-0 8. f4 d6 9. 0-0 b5 10. Bf3 Qb6+ 11. Kh1 Bb7 12. Qe2 b4 13. Be3 Qd8 14. Nd5 Nxd5 15. exd5 Nb8 16. Bd4 Ba6 17. Qf2 Bxd4 18. Nxd4 Bxf1 19. Rxf1 Qb6 20. Qd2 a5 21. h4 b3 22. axb3 a4 23. b4 a3 24. bxa3 Rxa3 25. h5 Ra4 26. c3 Qa6 27. Be2 Ra2 28. Qe3 Qa7 29. f5 Ra1 30. Bd1 Nd7 31. Qxe7 Ne5 32. Qxd6 Nc4 33. Qf4 Qb8 34. Qh6 Qg3 35. f6 gxh5 36. Nf5 1-0

[Event "Gibraltar Amateur op-A"]
[Site "Caleta"]
[Date "2019.01.24"]
[Round "4"]
[White "Olaizola, Miguel"]
[Black "Mircov, Nicola Alexandru"]
[Result "0-1"]
[WhiteElo "1831"]
[BlackElo "1797"]
[PlyCount "82"]
[EventDate "2019.01.21"]
[EventType "swiss"]
[EventRounds "5"]
[EventCountry "GGB"]
[SourceTitle "CBM 188 Extra"]
[Source "ChessBase"]
[SourceDate "2019.02.26"]
[SourceVersion "1"]
[SourceVersionDate "2019.02.26"]
[SourceQuality "1"]

1. Nf3 c5 2. g3 d5 3. Bg2 Nc6 4. d4 e6 5. 0-0 Nf6 6. c4 Be7 7. Nc3 0-0 8. cxd5 exd5 9. dxc5 Bxc5 10. Na4 Be7 11. b3 Bg4 12. Bb2 Rc8 13. h3 Bf5 14. Rc1 Re8 15. Nc5 Nb4 16. Nh4 Bc2 17. Qd2 Bxc5 18. a3 Ne4 19. Bxe4 dxe4 20. Qxd8 Rexd8 21. axb4 Bxb4 22. Ra1 a5 23. Nf5 Bxb3 24. Bxg7 Be6 25. Bf6 Bxf5 26. Bxd8 Rxd8 27. g4 Be6 28. Rfc1 b5 29. Rc6 Bc4 30. e3 Bc3 31. Rc1 Rd3 32. g5 a4 33. Ra6 Bb2 34. Rc2 a3 35. h4 Rd1+ 36. Kg2 Rc1 37. Rd2 Bd3 38. h5 b4 39. Ra7 b3 40. h6 Kf8 41. Ra8+ Ke7 0-1

[Event "Berlin Lieb Memorial 3rd"]
[Site "Berlin"]
[Date "2017.05.18"]
[Round "2"]
[White "Olaizola, Miguel"]
[Black "Albrecht, Rainer"]
[Result "1/2-1/2"]
[WhiteElo "1825"]
[BlackElo "2050"]
[PlyCount "64"]
[EventDate "2017.05.11"]
[EventType "swiss"]
[EventRounds "7"]
[EventCountry "GER"]
[SourceTitle "CBM 189 Extra"]
[Source "ChessBase"]
[SourceDate "2019.06.03"]
[SourceVersion "1"]
[SourceVersionDate "2019.06.03"]
[SourceQuality "1"]

1. c4 e6 2. g3 d5 3. cxd5 exd5 4. Bg2 Nf6 5. b3 Be7 6. Bb2 0-0 7. e3 Re8 8. Ne2 c6 9. 0-0 a5 10. a3 Na6 11. d3 Bf5 12. Nd4 Qd7 13. Nxf5 Qxf5 14. d4 Bd6 15. Nc3 h5 16. Qf3 Qg6 17. h4 Ne4 18. Nxe4 dxe4 19. Qe2 Nc7 20. Kh2 Nd5 21. Rac1 Qg4 22. Qxg4 hxg4 23. Rc2 f5 24. Rh1 Kf7 25. Bf1 Rh8 26. Kg2 Rh5 27. Bc4 Ke6 28. a4 Rah8 29. Rcc1 Kd7 30. Be2 Bb4 31. Rcd1 R8h7 32. Bc4 Ke6 1/2-1/2

[Event "Berlin Lieb Memorial 2nd"]
[Site "Berlin"]
[Date "2016.05.19"]
[Round "1"]
[White "Olaizola, Miguel"]
[Black "Lippianowski, Stefan"]
[Result "1-0"]
[WhiteElo "1820"]
[BlackElo "1163"]
[PlyCount "55"]
[EventDate "2016.05.19"]
[EventType "swiss"]
[EventRounds "7"]
[EventCountry "GER"]
[SourceTitle "EXT 2022"]
[Source "ChessBase"]
[SourceDate "2021.10.06"]
[SourceVersion "1"]
[SourceVersionDate "2021.10.06"]
[SourceQuality "1"]

1. e4 e5 2. Nf3 Nc6 3. Bc4 Nf6 4. Ng5 d5 5. exd5 Nxd5 6. Nxf7 Kxf7 7. Qf3+ Ke7 8. Bxd5 Nd4 9. Qf7+ Kd6 10. Na3 Be6 11. Bxe6 Nxe6 12. 0-0 c6 13. Nc4+ Kd5 14. d4 Qf6 15. Qxb7 Bd6 16. Nxd6 Kxd6 17. dxe5+ Qxe5 18. Be3 c5 19. b4 Rhb8 20. bxc5+ Nxc5 21. Rad1+ Ke6 22. Qc6+ Kf7 23. Bxc5 Qe8 24. Rd7+ Kg8 25. Qc7 Qg6 26. Bd4 Kf8 27. Bxg7+ Kg8 28. Qc4+ 1-0

[Event "Berlin Lichtenberger op 14th"]
[Site "Berlin"]
[Date "2015.08.17"]
[Round "3"]
[White "Birkholz, Axel"]
[Black "Olaizola, Miguel"]
[Result "0-1"]
[WhiteElo "1895"]
[BlackElo "1804"]
[PlyCount "54"]
[EventDate "2015.08.15"]
[EventType "swiss"]
[EventRounds "9"]
[EventCountry "GER"]
[SourceTitle "EXT 2016"]
[Source "ChessBase"]
[SourceDate "2015.10.08"]
[SourceVersion "1"]
[SourceVersionDate "2015.10.08"]
[SourceQuality "1"]

1. e4 d5 2. exd5 c6 3. d4 cxd5 4. c4 Nf6 5. Nc3 e6 6. Nf3 Be7 7. cxd5 Nxd5 8. Bd3 0-0 9. 0-0 Nc6 10. Re1 h6 11. Bd2 Ndb4 12. Be3 Nxd3 13. Qxd3 Nb4 14. Qd2 b6 15. Ne5 Bb7 16. Nd3 Nxd3 17. Qxd3 Bd6 18. Rac1 Qh4 19. h3 Rad8 20. Qe2 f5 21. Bd2 Rf6 22. Nd1 Bxg2 23. Ne3 Qxh3 24. f4 Bf3 25. Qc4 Rg6+ 26. Kf2 Qg3+ 27. Kf1 Qg1# 0-1

[Event "Berlin Lieb Memorial 1st"]
[Site "Berlin"]
[Date "2015.06.18"]
[Round "5"]
[White "Olaizola, Miguel"]
[Black "Olivares, Eduardo"]
[Result "0-1"]
[WhiteElo "1830"]
[BlackElo "2062"]
[PlyCount "54"]
[EventDate "2015.05.21"]
[EventType "swiss"]
[EventRounds "7"]
[EventCountry "GER"]
[SourceTitle "EXT 2022"]
[Source "ChessBase"]
[SourceDate "2021.10.06"]
[SourceVersion "1"]
[SourceVersionDate "2021.10.06"]
[SourceQuality "1"]

1. e4 c5 2. Nf3 g6 3. Nc3 Bg7 4. d4 cxd4 5. Nxd4 Nc6 6. Nxc6 bxc6 7. Be2 Nf6 8. 0-0 0-0 9. a4 a5 10. Rb1 d6 11. Be3 Qc7 12. Qd2 Rd8 13. Bh6 Bh8 14. Qg5 Ne8 15. Rfd1 Rb8 16. h4 Be6 17. h5 d5 18. hxg6 hxg6 19. exd5 Bf6 20. Qe3 cxd5 21. Nb5 Qxc2 22. Bf4 Rb7 23. b4 Qxa4 24. bxa5 Qxa5 25. Nd4 Rxb1 26. Rxb1 Qa2 27. Rb7 Qa1+ 0-1

[Event "Berlin Lieb Memorial 1st"]
[Site "Berlin"]
[Date "2015.05.21"]
[Round "1"]
[White "Lippianowski, Stefan"]
[Black "Olaizola, Miguel"]
[Result "0-1"]
[WhiteElo "1174"]
[BlackElo "1830"]
[PlyCount "58"]
[EventDate "2015.05.21"]
[EventType "swiss"]
[EventRounds "7"]
[EventCountry "GER"]
[SourceTitle "EXT 2022"]
[Source "ChessBase"]
[SourceDate "2021.10.06"]
[SourceVersion "1"]
[SourceVersionDate "2021.10.06"]
[SourceQuality "1"]

1. e4 d5 2. e5 e6 3. Bb5+ c6 4. Bd3 Qg5 5. g3 Qxe5+ 6. Qe2 Nd7 7. Nf3 Qc7 8. c4 Ngf6 9. Nc3 Be7 10. b3 0-0 11. Bb2 Nc5 12. Bc2 dxc4 13. d4 cxd3 14. Bxd3 Nxd3+ 15. Qxd3 e5 16. Ne4 Nxe4 17. 0-0 Nc5 18. Qe3 f6 19. Ba3 Ne6 20. Bb2 Qb6 21. Qc3 Qb4 22. Qc2 Qg4 23. Nh4 Ng5 24. Kh1 Nf3 25. Qc4+ Kh8 26. Qxg4 Bxg4 27. h3 Bxh3 28. Rfd1 Nxh4 29. gxh4 Rad8 0-1

[Event "Berlin Lichtenberger op 13th"]
[Site "Berlin"]
[Date "2014.08.21"]
[Round "6"]
[White "Silz, Elisa"]
[Black "Olaizola, Miguel"]
[Result "1/2-1/2"]
[WhiteElo "1957"]
[BlackElo "1773"]
[PlyCount "68"]
[EventDate "2014.08.16"]
[EventType "swiss"]
[EventRounds "9"]
[EventCountry "GER"]
[SourceTitle "CBM 161 Extra"]
[Source "ChessBase"]
[SourceDate "2014.08.29"]
[SourceVersion "1"]
[SourceVersionDate "2014.08.29"]
[SourceQuality "1"]

1. d4 Nf6 2. Nf3 e6 3. c4 d5 4. Nc3 Be7 5. Bg5 h6 6. Bf4 c6 7. e3 0-0 8. Rc1 Nbd7 9. Bd3 dxc4 10. Bxc4 Nd5 11. Bg3 N7f6 12. 0-0 Nxc3 13. bxc3 Ne4 14. Qd3 Nd6 15. Bb3 Nf5 16. e4 Nxg3 17. hxg3 b6 18. e5 Bb7 19. Bc2 g6 20. Nh2 c5 21. Bb3 Rc8 22. Qd2 Kg7 23. Ng4 Rh8 24. f4 h5 25. Nf2 Rc7 26. Rfd1 Rd7 27. Qe3 Qa8 28. Bc2 Bxg2 29. Be4 Bxe4 30. Nxe4 cxd4 31. cxd4 Rhd8 32. Rc2 Rc8 33. Rh2 Rh8 34. Rc1 Qd5 1/2-1/2

[Event "Berlin Lichtenberger op 13th"]
[Site "Berlin"]
[Date "2014.08.18"]
[Round "3"]
[White "Olaizola, Miguel"]
[Black "Muskewitz, Bernd"]
[Result "1/2-1/2"]
[WhiteElo "1773"]
[BlackElo "1969"]
[PlyCount "100"]
[EventDate "2014.08.16"]
[EventType "swiss"]
[EventRounds "9"]
[EventCountry "GER"]
[SourceTitle "CBM 161 Extra"]
[Source "ChessBase"]
[SourceDate "2014.08.29"]
[SourceVersion "1"]
[SourceVersionDate "2014.08.29"]
[SourceQuality "1"]

1. e4 c5 2. Nf3 e6 3. d4 cxd4 4. Nxd4 a6 5. a4 Nf6 6. Bd3 Nc6 7. Nxc6 bxc6 8. a5 Qc7 9. 0-0 d5 10. exd5 cxd5 11. Be3 Bc5 12. Bg5 Qe5 13. Bxf6 Qxf6 14. Nc3 Rb8 15. Qe2 0-0 16. Na4 Bb4 17. Nb6 Qxb2 18. Rfb1 Qc3 19. Nxc8 Rbxc8 20. Bxa6 Rc5 21. Bd3 Rxa5 22. Rxa5 Bxa5 23. Qh5 g6 24. Qh4 Bd8 25. Qa4 Bf6 26. g3 Bd4 27. Kg2 e5 28. Rd1 Rc8 29. h4 Qc6 30. Qb3 Rc7 31. h5 Rb7 32. Qa3 Ra7 33. Qb3 Qb7 34. Bb5 Ra5 35. Rb1 Ba7 36. h6 Qb6 37. Qf3 e4 38. Qe2 f5 39. c4 Ra3 40. Qb2 Qd4 41. Qxa3 Qxf2+ 42. Kh1 e3 43. Qxa7 Qf3+ 44. Kh2 Qe2+ 45. Kh3 Qh5+ 46. Kg2 Qe2+ 47. Kg1 Qf2+ 48. Kh1 Qf3+ 49. Kh2 Qe2+ 50. Kh1 Qf3+ 1/2-1/2

[Event "Berlin Lichtenberger op 13th"]
[Site "Berlin"]
[Date "2014.08.16"]
[Round "1"]
[White "Olaizola, Miguel"]
[Black "Stiemerling, Wilfried"]
[Result "0-1"]
[WhiteElo "1773"]
[BlackElo "2134"]
[PlyCount "62"]
[EventDate "2014.08.16"]
[EventType "swiss"]
[EventRounds "9"]
[EventCountry "GER"]
[SourceTitle "CBM 161 Extra"]
[Source "ChessBase"]
[SourceDate "2014.08.29"]
[SourceVersion "1"]
[SourceVersionDate "2014.08.29"]
[SourceQuality "1"]

1. e4 e6 2. d4 d5 3. exd5 exd5 4. Nf3 Nf6 5. Bg5 Be7 6. Be2 0-0 7. 0-0 Ne4 8. Bxe7 Qxe7 9. Nbd2 f5 10. Ne5 Nd7 11. f4 Ndf6 12. Ndf3 Be6 13. Ng5 Nxg5 14. fxg5 Ne4 15. g6 h6 16. Rf4 c5 17. c3 Rac8 18. Bd3 Qg5 19. Qf1 cxd4 20. cxd4 Qd8 21. Rd1 Qb6 22. Bb5 Rfd8 23. Nf7 Bxf7 24. gxf7+ Kxf7 25. Rxf5+ Kg8 26. g3 Rf8 27. Bd7 Rcd8 28. b3 a6 29. Kg2 Qd6 30. Rxf8+ Rxf8 31. Bf5 g6 0-1

[Event "Berlin Spring op-B"]
[Site "Berlin"]
[Date "2014.05.03"]
[Round "6"]
[White "Olaizola, Miguel"]
[Black "Joehn, Janis"]
[Result "1-0"]
[WhiteElo "1719"]
[BlackElo "1547"]
[PlyCount "45"]
[EventDate "2014.05.01"]
[EventType "swiss"]
[EventRounds "7"]
[EventCountry "GER"]
[SourceTitle "CBM 160 Extra"]
[Source "ChessBase"]
[SourceDate "2014.07.01"]
[SourceVersion "1"]
[SourceVersionDate "2014.07.01"]
[SourceQuality "1"]

1. e4 c5 2. Nf3 e6 3. d4 cxd4 4. Nxd4 a6 5. a4 b6 6. Be2 Bb7 7. Nc3 d6 8. 0-0 Nd7 9. Bh5 g6 10. Bg4 e5 11. Nf3 Nc5 12. Ng5 h6 13. Nh3 g5 14. f3 Ne7 15. b4 Ne6 16. Nd5 Ng6 17. a5 bxa5 18. bxa5 Nc5 19. c4 Bxd5 20. cxd5 Be7 21. Be3 Nd7 22. Qa4 Qc7 23. Rfc1 1-0

[Event "Berlin Spring op-B"]
[Site "Berlin"]
[Date "2014.05.02"]
[Round "4"]
[White "Olaizola, Miguel"]
[Black "Mumm, Karen"]
[Result "1-0"]
[WhiteElo "1719"]
[BlackElo "1389"]
[PlyCount "97"]
[EventDate "2014.05.01"]
[EventType "swiss"]
[EventRounds "7"]
[EventCountry "GER"]
[SourceTitle "CBM 160 Extra"]
[Source "ChessBase"]
[SourceDate "2014.07.01"]
[SourceVersion "1"]
[SourceVersionDate "2014.07.01"]
[SourceQuality "1"]

1. e4 d5 2. exd5 Nf6 3. d6 exd6 4. Nf3 Be7 5. Be2 0-0 6. d3 c5 7. 0-0 Nc6 8. Nc3 a6 9. a4 Bd7 10. d4 Qc7 11. h3 Rfe8 12. Bf4 b6 13. a5 Nxa5 14. dxc5 bxc5 15. Ng5 h6 16. Nge4 Nxe4 17. Nxe4 Bb5 18. Bxb5 axb5 19. Qg4 Kh7 20. Qf5+ Kg8 21. Rfd1 Nc4 22. Rxa8 Rxa8 23. b3 Ne5 24. Bxe5 dxe5 25. Rd7 Qc8 26. Nd6 Qf8 27. Nxb5 Ra1+ 28. Kh2 Re1 29. Rc7 g6 30. Qd7 Bg5 31. Rc8 Re2 32. Rxf8+ Kxf8 33. Qd6+ Be7 34. Qd3 Rxf2 35. Kg3 Rf5 36. c4 Rg5+ 37. Kh2 Rf5 38. g4 Rf4 39. Qd2 g5 40. Nc3 Rd4 41. Qe2 Bd6 42. Ne4 Bc7 43. Qf3 Rd2+ 44. Kg1 Rd4 45. Qf5 Bd8 46. Qh7 Ke7 47. Qf5 Kf8 48. Qxe5 Kg8 49. Nxc5 1-0

[Event "Zehlendorf op"]
[Site "Berlin"]
[Date "2007.11.19"]
[Round "5"]
[White "Schildt, Rene"]
[Black "Olaizola, Miguel"]
[Result "1-0"]
[WhiteElo "1895"]
[BlackElo "1650"]
[PlyCount "119"]
[EventDate "2007.10.11"]
[EventType "swiss"]
[EventRounds "7"]
[EventCountry "GER"]
[SourceTitle "EXT 2010"]
[Source "ChessBase"]
[SourceDate "2010.11.25"]
[SourceVersion "1"]
[SourceVersionDate "2010.11.25"]
[SourceQuality "1"]

1. e4 d5 2. exd5 c6 3. dxc6 Nxc6 4. Bb5 Bd7 5. Nf3 Nf6 6. d4 e6 7. 0-0 Be7 8. c3 0-0 9. Re1 Qb6 10. Bd3 h6 11. Nbd2 Qc7 12. Qe2 Nd5 13. Nc4 Nf4 14. Bxf4 Qxf4 15. Qe4 Qxe4 16. Bxe4 Rac8 17. Nce5 Rfd8 18. d5 Nxe5 19. Nxe5 exd5 20. Bxd5 Be8 21. Bxb7 Rb8 22. Nc6 Bxc6 23. Bxc6 Bf6 24. Re2 Rd6 25. Ba4 Rdb6 26. Bb3 a5 27. Re4 Rd6 28. Rae1 Rd2 29. R4e2 Rbd8 30. Kf1 g6 31. Rxd2 Rxd2 32. Re2 Rd6 33. Ke1 Rb6 34. Kd1 Kg7 35. Kc2 Rc6 36. Rd2 Be5 37. g3 g5 38. Bd5 Rf6 39. f3 Rb6 40. Be4 a4 41. Rd5 Kf6 42. Ra5 Ke6 43. Bd5+ Ke7 44. Ra7+ Kd6 45. Bxf7 Kc5 46. Ra5+ Kd6 47. Rxa4 Kc7 48. Bd5 h5 49. Be4 Rf6 50. Ra5 Re6 51. Ra7+ Kb6 52. Rb7+ Ka6 53. Rh7 g4 54. Rxh5 gxf3 55. Bxf3 Bc7 56. Rd5 Rh6 57. Rd2 Rf6 58. Be2+ Kb6 59. b4 Bd6 60. a3 1-0

[Event "Zehlendorf op"]
[Site "Berlin"]
[Date "2007.11.02"]
[Round "3"]
[White "Von Loehneysen, Leonard"]
[Black "Olaizola, Miguel"]
[Result "1-0"]
[WhiteElo "1925"]
[BlackElo "1650"]
[PlyCount "55"]
[EventDate "2007.10.11"]
[EventType "swiss"]
[EventRounds "7"]
[EventCountry "GER"]
[SourceTitle "EXT 2010"]
[Source "ChessBase"]
[SourceDate "2010.11.25"]
[SourceVersion "1"]
[SourceVersionDate "2010.11.25"]
[SourceQuality "1"]

1. c4 Nf6 2. Nc3 e5 3. Nf3 Nc6 4. g3 Bc5 5. Bg2 0-0 6. 0-0 h6 7. Nxe5 Nxe5 8. d4 Bxd4 9. Qxd4 d6 10. b3 Nc6 11. Qd2 Be6 12. h3 Ne7 13. e4 Qc8 14. Kh2 c6 15. Qxd6 Ng6 16. Rd1 Rd8 17. Qxd8+ Qxd8 18. Rxd8+ Rxd8 19. Be3 Rd3 20. Rc1 b6 21. Bf1 Rd8 22. f4 Bc8 23. e5 Ne8 24. Rd1 Rxd1 25. Nxd1 f6 26. Bd3 Kf7 27. e6+ Bxe6 28. f5 1-0

[Event "Zehlendorf op"]
[Site "Berlin"]
[Date "2007.10.14"]
[Round "1"]
[White "Boettcher, Patrick"]
[Black "Olaizola, Miguel"]
[Result "1-0"]
[WhiteElo "2058"]
[BlackElo "1650"]
[PlyCount "77"]
[EventDate "2007.10.11"]
[EventType "swiss"]
[EventRounds "7"]
[EventCountry "GER"]
[SourceTitle "EXT 2010"]
[Source "ChessBase"]
[SourceDate "2010.11.25"]
[SourceVersion "1"]
[SourceVersionDate "2010.11.25"]
[SourceQuality "1"]

1. e4 e5 2. Nf3 Nc6 3. Bb5 d6 4. d4 exd4 5. Nxd4 Bd7 6. Nc3 Nf6 7. 0-0 Be7 8. Re1 0-0 9. Bf1 Bg4 10. f3 Nxd4 11. Qxd4 Bd7 12. b3 c6 13. Kh1 Qa5 14. Qd2 Qh5 15. Ba3 Rad8 16. e5 Nd5 17. Nxd5 cxd5 18. exd6 Bh4 19. Re7 Bc6 20. Qf4 Rd7 21. Rxd7 Bxd7 22. Rd1 Re8 23. c4 g5 24. Qd4 Bg3 25. h3 dxc4 26. bxc4 Be5 27. Qf2 b6 28. Rd5 Bf4 29. Bb2 Qg6 30. Bc3 Re3 31. Bd2 Ra3 32. Bb4 Re3 33. g3 Re5 34. gxf4 Rxd5 35. cxd5 Qb1 36. Be1 gxf4 37. Bc3 Bxh3 38. Qg1+ Kf8 39. Bxh3 1-0